| 000 | 00372nam a2200145 i 4500 | ||
|---|---|---|---|
| 001 | bg | ||
| 100 | 1 | _aHAYES, Robert M. | |
| 245 | 0 |
_aHandbook of data processing for libraries / _cRobert M. Hayes, Joseph Becker. |
|
| 260 |
_aNew York, _c1970. |
||
| 700 | 1 | _aBECKER, Joseph | |
| 040 | _cBPK | ||
| 041 | _apol | ||
| 942 | _cKS | ||
| 008 | s pl f |000 0 pol | ||
| 999 |
_c13787 _d13787 |
||
| 856 |
_uhttp://koha.tu.koszalin.pl/cgi-bin/koha/opac-detail.pl?biblionumber=13787 _yKatalog online BPK |
||